000 00649nam a2200241Ia 4500
003 OSt
005 20221005024230.0
006 a|||||r|||| 00| 0
007 ta
008 221004b |||||||| |||| 00| 0 eng d
024 _a67844
037 _cTextual
040 _aCRL
_cCRL
_beng
041 _2eng
_aeng
082 _aX:513-8g, M0
100 _aRiso Ovid Ed.
_9580311
245 0 _aDartnell sales manager's handbook
260 _aBombay
_bTaraporevala publishing Industries India
_c1980
300 _a1006p.
_ccm.
650 _aECONOMICS
942 _hX:513-8g, M0
_cTEXL
_2cc
999 _c932510
_d932510